000
00243nam a2200109Ia 4500
999
_c
8912
_d
8912
020
_a
978-0133970777
100
_a
Elmasri, Navathe
245
0
_a
Fundamentals Of Database Systems
260
_a
Delhi
_b
Addison
_c
1983
300
_a
448
942
_c
BK